Rumahku syurgaku
| Format: | Book |
|---|---|
| Published: |
Selangor :
Penerbitan Darul Iman ,
2006
|
| Subjects: |
MARC
| LEADER | 00000cam a2200000 7i4500 | ||
|---|---|---|---|
| 001 | 0000012960 | ||
| 005 | 20080409.0 | ||
| 008 | 080104 | ||
| 020 | |a 9832149134 | ||
| 090 | 0 | 0 | |a 297.577 |b IMA |
| 245 | 1 | 0 | |a Rumahku syurgaku |c Al-Imam Ibnu Majah |
| 260 | |a Selangor : |b Penerbitan Darul Iman , |c 2006 | ||
| 650 | 0 | |a Family |x Religious aspects |x Islam | |
| 650 | 0 | |a Marriage |x Religious aspect |x Islam | |
| 999 | |a 0001009193 |b Book |c Adult Collection |e Perbadanan Perpustakaan Awam Johor | ||